000 00636nam a2200277Ia 4500
005 20260324143031.0
008 008 260324s9999 xx 000 0 eng d
020 _a9781315002323
037 _aEBOOK
040 _aCRL
040 _beng
040 _cCRL
041 _2eng
041 _aeng
084 _qCRL
100 _aJames Winter
_91214147
245 0 _aLondon's Teeming Streets, 1830-1914
260 _bTaylor and Francis
260 _c1993
365 _a
365 _b230
856 _uhttp://www.taylorfrancis.com/books/9781315002323
942 _cEBOOK
999 _c1819053
_d1819053